000 01495nam a2200241Ia 4500
003 Ost
005 20260507075114.0
008 260507s9999||||xx |||||||||||||| ||und||
020 _a9772705443
040 _cfsecg
041 _aara
082 _a600
100 _aمصطفى، هويدا
_eمؤلف
245 0 _aالإعلان في الأنظمة الإذاعية المعاصرة /
_c هويدا مصطفى
260 _aالقاهرة:
_bالدار المصرية اللبنانية,
_c1999
300 _a278 صفحة؛
_bإيضاحات ؛
_c24 سم
490 _aالمكتبة الإعلامية
504 _aببليوغرافيا:273-278
520 _aالمتغيرات المحددة لسمات الإعلان في الأنظمة الإذاعية المعاصرة،الإعلان في النظام الإذاعي التجاري،الإعلان في النظام الإذاعي الحكومي والمختلط،الإعلان في الأنظمة الإذاعية للدول النامية،التشريعات و الضوابط الإعلانية في النظام التجاري والنظام الحكومي،الإعلان في النظام الإذاعي المصري:راديو و تليفزيون،مقارنة بين الممارسة الإعلانية والأهداف القومية،نتائج الدراسة التحليلية لعينة من إعلانات إذاعة الشرق الأوسط
653 _aالإعلان
653 _aمصر
942 _cكتاب
999 _c42983
_d42983